000 00433nam a2200157Ia 4500
008 240322s2024 xx 000 0 und d
020 _a9789395736015
041 _aeng
082 _a616.07,CIP
100 _aCIPRIANI N.A.,HUSAIN A.N.,TAXY J.B.
245 _aBIOPSY INTERPERTATION SERIES: BIOPSY INTERPERTATION: THE FROZEN/
250 _a3
260 _bMUMBAIWOLTERS KLUWER2024
_c2024
562 _e1
999 _c1151080
_d1151080
650 _aPATHOLOGY